Statistical Thermodynamics / (Record no. 12055)

MARC details
000 -LEADER
fixed length control field 01106cam a2200301 i 4500
001 - CONTROL NUMBER
control field 4139156
003 - CONTROL NUMBER IDENTIFIER
control field EG-ScBUE
005 - DATE AND TIME OF LATEST TRANSACTION
control field 20250616131132.0
008 - FIXED-LENGTH DATA ELEMENTS--GENERAL INFORMATION
fixed length control field 771031t1979 dcua f b 001 0 eng d
020 ## - INTERNATIONAL STANDARD BOOK NUMBER
International Standard Book Number 0070645701
040 ## - CATALOGING SOURCE
Original cataloging agency DLC
Language of cataloging eng
Description conventions rda
Transcribing agency DLC
Modifying agency DLC
-- EG-ScBUE
082 04 - DEWEY DECIMAL CLASSIFICATION NUMBER
Classification number 536.7
Edition number 22
Item number TIE
100 1# - MAIN ENTRY--PERSONAL NAME
Personal name Tien, Chang L.,
Dates associated with a name 1935-
Relator term author.
9 (RLIN) 7019
245 10 - TITLE STATEMENT
Title Statistical Thermodynamics /
Statement of responsibility, etc Chang L. Tien, University of California, Berkeley, John H. Lienhard, University of Kentucky.
250 ## - EDITION STATEMENT
Edition statement Revised printing.
264 #1 - PUBLICATION, DISTRIBUTION, ETC. (IMPRINT)
Place of publication, distribution, etc Washington :
Name of publisher, distributor, etc Hemisphere Publishing Corporation ;
Place of publication, distribution, etc New York :
Name of publisher, distributor, etc McGraw-Hill,
Date of publication, distribution, etc [1979]
264 #4 - PUBLICATION, DISTRIBUTION, ETC. (IMPRINT)
Date of publication, distribution, etc c1979
300 ## - PHYSICAL DESCRIPTION
Extent xvi, 397 pages :
Other physical details illustrations ;
Dimensions 24 cm.
336 ## - CONTENT TYPE
Source rdacontent
Content type term text
Content type code txt
337 ## - MEDIA TYPE
Media type term unmediated
Source rdamedia
Media type code n
338 ## - CARRIER TYPE
Carrier type term volume
Carrier type code nc
Source rdacarrier
490 0# - SERIES STATEMENT
Series statement Series in thermal and fluids engineering
504 ## - BIBLIOGRAPHY, ETC. NOTE
Bibliography, etc Includes bibliographical references and index.
650 #7 - SUBJECT ADDED ENTRY--TOPICAL TERM
Topical term or geographic name as entry element Statistical thermodynamics.
Source of heading or term BUEsh
9 (RLIN) 7020
655 ## - INDEX TERM--GENRE/FORM
Form subdivision Reading book
700 1# - ADDED ENTRY--PERSONAL NAME
Personal name Lienhard, John H.,
Dates associated with a name 1930-
Relator term joint author.
9 (RLIN) 7021
942 ## - ADDED ENTRY ELEMENTS (KOHA)
Source of classification or shelving scheme Dewey Decimal Classification
Koha item type Book - Borrowing
Holdings
Withdrawn status Lost status Source of classification or shelving scheme Damaged status Not for loan Collection code Home library Current library Shelving location Date acquired Source of acquisition Cost, normal purchase price Total Checkouts Full call number Barcode Date last seen Price effective from Koha item type
    Dewey Decimal Classification     Alef-Baa Central Library Central Library First floor 25/06/2009   150.00   536.7 TIE 000017051 15/07/2025 25/06/2009 Book - Borrowing